Missing Word: Stormy Songs Quiz Stats

 Plays Quiz Updated Feb 25, 2015

Challenge
Share
Tweet
Embed
Score 0/22 Timer 03:00
0 Plays Today
Song Word % Correct
It's Raining _____Men
83.2%
_____ in the WindCandle
81.4%
_____ it on the RainBlame
77.8%
Rock You Like a _____Hurricane
74%
_____ on the StormRiders
73.3%
_____ in the WindDust
65.9%
Thunder _____Road
64.1%
_____ and RainFire
63.6%
_____ in the WindBlowin'
62.6%
Stormy _____Weather
60.6%
_____ the LightningRide
54.4%
Song Word % Correct
_____ RainNovember
44.6%
_____ CrashesLightning
41.7%
_____ From the StormShelter
37.3%
_____ the WindAgainst
35.7%
Come in From the _____Cold
34.7%
The Thunder _____Rolls
34.3%
_____ LightningWhite
32.5%
Only _____ When It RainsHappy
30.9%
Rain _____King
11.5%
_____ You in This StormPraise
5.2%
Terminal _____Frost
3.1%

Today's Daily Dose

You're not logged in!

Compare scores with friends on all Sporcle quizzes.
OR
Log In

You Might Also Like...

Show Comments

Extras

Top Quizzes Today


Score Distribution

Your Account Isn't Verified!

In order to create a playlist on Sporcle, you need to verify the email address you used during registration. Go to your Sporcle Settings to finish the process.

Report this User

Report this user for behavior that violates our Community Guidelines.

Details: